ห้องสมุด วิทยาลัยพยาบาลบรมราชชนนี อุดรธานี
Boromarajonani College of Nursing, Udonthani
เปลี่ยนเป็นภาษาไทย

Change to English
 แสดงรายละเอียดบรรณานุกรม
  กลับหน้าหลัก

Brief Record : Get Marc (ISO 2709) : E-mail record : QR code ปิดหน้าต่าง
หนังสืออ้างอิง : เกี่ยวกับ Collections
mysqli: Table './ulib2015/stat_globaluid' is marked as crashed and last (automatic?) repair failed
select id from stat_globaluid where statuid='20260419023356_634' 
mysqli: Table './ulib2015/stat_globaluid' is marked as crashed and last (automatic?) repair failed
DELETE FROM stat_globaluid
			WHERE id NOT IN (
			  SELECT id
			  FROM (
				SELECT id
				FROM stat_globaluid
				ORDER BY id DESC
				LIMIT 100
			  ) foo
			); 
mysqli: Table './ulib2015/stat_globaluid' is marked as crashed and last (automatic?) repair failed
insert into stat_globaluid set
		statuid='20260419023356_634',
		dt='1776540836',
		phpself='/ULIB/dublinfull.php',
		agent='Mozilla/5.0 AppleWebKit/537.36 (KHTML, like Gecko; compatible; ClaudeBot/1.0; +claudebot@anthropic.com)',
		yea='2026',
		mon='4',
		dat='19',
		ip='216.73.216.142'
		
		
LEADER 00674nam 2200229 a 4500
001    12634
003     ULIBM
008    101011s2546 th m a001 0 tha d
020    ^a974-9593-68-5
050  4 ^aWA546^bป141ร 2546
245 10 ^aรายงานสุขภาพโลก 2002 ลดปัจจัยเสี่ยงสร้างเสริมสุขภาวะ/^cปฐม สวรรค์ปัญญาเลิศศักดิ์
250    ^aพิมพ์ครั้งที่ 1.
260    ^aกรุงเทพฯ:^bงานนโยบายสาธารณสุขมหภาค สำนักนโยบายและยุทธศาสตร์,^c2546
300    ^a 71 หน้า.
650  7 ^aการลดปัจจัยเสี่ยง
700 0  ^aสุขภาพ--รายงาน
945    ^p0^l0^i7349
999     ^aลิขิตลักษณ์
รายการนี้ยังไม่มีแท็ก
คุณยังไม่ได้ล็อกอิน คุณสามารถมีกิจกรรมร่วมกับเว็บไซต์ได้ แต่ต้องล็อกอินก่อน ::
  ล็อกอิน
ลำดับที่ ประเภท เลขเรียก/บาร์โค้ด สถานที่ สถานะ
1. หนังสือการพยาบาล
หนังสือการพยาบาล
WA546 ป141ร 2546  
  Barcode: 7349
หนังสือเก่า On Shelf
  ขอยืม
   [แสดง 1/1 รายการ]

mysqli: Can't create/write to file '/var/tmp/#sql_59d_0.MAI' (Errcode: 2)
select * from index_db where titl like '%รายงานสุขภาพโลก 2002 ลดปัจจัยเสี่ยงสร้างเสริมสุขภาวะ/ ปฐม  สวรรค์ปัญญาเลิศศักดิ์%' and mid<>'12634'  order by rand() limit 3
mysqli: Can't create/write to file '/var/tmp/#sql_59d_0.MAI' (Errcode: 2)
select * from index_db where subj like '%การลดปัจจัยเสี่ยง%' and mid<>'12634'  order by rand() limit 3

BibComment


ยังไม่เคยถูกคอมเมนท์

คอมเมนท์ทรัพยากรรายการนี้
  คอมเมนท์: รายงานสุขภาพโลก ..
Bib 12634

 
 
 

 Union Library Management : ULibM
Copyright 2026. All Rights Reserved.